000 00602nam a2200217Ia 4500
001 9012
003 GE_BSU
008 181216s||||||||xx |||||||||||||| ||und||
040 _cGE_BSU
080 _a821.353.1–32
100 _aკლდიაშვილი,სერგო
245 _aრჩეული პროზა ტ.2
245 _bტ.2
245 _cრედ.რ.გვეტაძე
260 _aთბილისი
260 _bფედერაცია
260 _c1939
300 _a338გვ;22 სმ.
653 _aრჩეული პროზა
942 _cBK
999 _c42317
_d42317